Statistiques concernant 10 plus petites capitales en Asie

Cliquez ici pour prendre le quiz!

Statistiques générales

  • Ce quiz a été pris 66 fois
  • Le résultat moyen est 4 sur 10

Statistiques - réponses

Population Petite capitale % Correct
103,693Malé
67%
59,069Dili
65%
101,259Thimphou
65%
28,135Bandar Seri Begawan
52%
287,579Vientiane
44%
354,893Nicosie
42%
115,826Sri Jayawardenapura Kotte
38%
140,616Manama
33%
585,097Abou Dabi
29%
582,496Douchambé
8%

Distribution des résultats

Percentile par nombre de réponses

% des personnes avec chaque résultat

Votre développement - résultats

Vous n’avez pas pris ce quiz